000 00490nam a2200205Ia 4500
008 210210b1957 xxu||||| |||| 00| 0 eng d
041 _aeng
082 _a824/356
100 _aWILSON (H S)
245 _aOn the design of Shakespearean tragedy
260 _aToronto
_bUniversity Of Toronto Press.,
_c1957
650 _atragedy
650 _athe
650 _aShakespearean
650 _aOn
650 _aof
650 _adesign
690 _aEnglish Criticism
906 _a014306
999 _c133461
_d133461